Central Library OPAC University of Rajshahi

Thomas Mann : (Record no. 20112)

MARC details
000 -LEADER
fixed length control field 00897nam a22002891 4500
001 - CONTROL NUMBER
control field 20112
003 - CONTROL NUMBER IDENTIFIER
rucl marc code BD-RjUL
005 - DATE AND TIME OF LATEST TRANSACTION
control field 20211209000525.0
008 - FIXED-LENGTH DATA ELEMENTS--GENERAL INFORMATION
fixed length control field 140226s1964 nju b 000 0beng d
035 ## - SYSTEM CONTROL NUMBER
System control number (OCoLC)ocm00711080
System control number (BD-RjUL)20174
040 ## - CATALOGING SOURCE
Original cataloging agency DLC
Transcribing agency DLC
Modifying agency m.c.
-- ZCU
-- BD-RjUL
Language of cataloging eng
041 ## - LANGUAGE CODE
Language code of text/sound track or separate title eng
082 00 - DEWEY DECIMAL CLASSIFICATION NUMBER
Classification number 833.912
Author mark and year THO 1964
245 10 - TITLE STATEMENT
Title Thomas Mann :
Remainder of title a collection of critical essays /
Statement of responsibility, etc. Henry Hatfield.
260 ## - PUBLICATION, DISTRIBUTION, ETC. (IMPRINT)
Place of publication, distribution, etc. Englewood Cliffs, N.J. :
Name of publisher, distributor, etc. Prentice-Hall,
Date of publication, distribution, etc. 1964.
300 ## - PHYSICAL DESCRIPTION
Pagination 172, p. ;
Size 21 cm.
490 1# - SERIES STATEMENT
Series statement A Spectrum book: Twentieth century views,
Volume/sequential designation S-TC-36
504 ## - BIBLIOGRAPHY, ETC. NOTE
Bibliography, etc Bibliography: p. [177].
600 10 - SUBJECT ADDED ENTRY--PERSONAL NAME
Personal name Mann, Thomas,
Dates associated with a name 1875-1955.
700 1# - ADDED ENTRY--PERSONAL NAME
Personal name Hatfield, Henry,
Dates associated with a name 1912-1995,
830 #0 - SERIES ADDED ENTRY--UNIFORM TITLE
Volume number/sequential designation S-TC-36.
830 #0 - SERIES ADDED ENTRY--UNIFORM TITLE
Uniform title Twentieth century views ;
942 ## - ADDED ENTRY ELEMENTS (KOHA)
Source of classification or shelving scheme Dewey Decimal Classification
Koha item type Books
Holdings
Lost status Source of classification or shelving scheme Damaged status Not for loan Collection code Permanent Location Current Location Shelving location Date acquired Source of acquisition Cost, normal purchase price Total Checkouts Full call number Date last seen Copy number Koha item type
  Dewey Decimal Classification   Not For Loan Non-fiction Central Library, University of Rajshahi Central Library, University of Rajshahi Reading Room 26/10/1965 Blackwell. 16.00   833.912 THO 1964 26/02/2014 C-1 Books